Quiz wiedzy ogólnej #3 - Statystyki

Ogólne statystyki
  • Ten quiz został rozwiązany 7 121 razy
  • Średni wynik to 9 z 20
Statystyki odpowiedzi
Pytanie Odpowiedź % Poprawnych
Jaki jest północny odpowiednik Zwrotnika Koziorożca? Zwrotnik {Raka}
91%
Jaki jest największy gatunek zwierzęcia? Płetwal błękitny
88%
Jaki jest najwyższy szczyt Afryki? Kilimandżaro
80%
W jakim mieście świętowane jest oryginalne Oktoberfest? Monachium
79%
Jaki kształt miały spodnie SpongeBoba Kanciaste
73%
Z jakiego miasta pochodzili Beatlesi? Liverpool
61%
Sushi jest często owijane w nori. Czego gatunkiem jest nori? Wodorostu
57%
Które dwa miasta zostały zniszczone ogniem i siarką w celu ukarania za ich niegodziwość w Starym Testamencie? Sodoma
50%
Które dwa miasta zostały zniszczone ogniem i siarką w celu ukarania za ich niegodziwość w Starym Testamencie? Gomora
49%
Jak nazywa się stolica Arabii Saudyjskiej? Rijad
47%
Kto przekroczył rzekę Rubikon? Juliusz Cezar
35%
Kto został uznany za "nieomylnego" na soborze watykańskim I w latach 1869-70? Papież
32%
Jak nazywa się najbardziej znany film nagrany przez Francisa Forda Coppolę? Ojciec chrzestny
30%
Do jakiej "tajemnej" społeczności należało czternaście prezydentów USA? Wolnomularstwa
26%
Kto był drugą osobą w historii, która postawiła stopę na Księżycu? Buzz Aldrin
21%
Jak ma naprawdę na imię i nazwisko Eminem? Marshall Mathers
19%
Jakie miasto nosiło niegdyś nazwę Sajgon? Ho Chi Minh
17%
Jaki konkwistador podbił państwo Azteków? Hernán Cortés
16%
Kim są rodzice Blue Ivy, Rumi i Sir? Beyoncé i Jay-Z
15%
Gdzie została pochowana królowa Elżbieta I? Opactwo Westminsterskie
10%
Nie znaleziono quizów pasujących do podanych kryteriów
Rozkład punktacji
Procent ludzi z każdym wynikiem
Percentyl według liczby udzielonych odpowiedzi
Twoja historia wyników
Nie rozwiązałeś tego quizu